000 00429nam a2200181Ia 4500
001 8413
005 20260306160607.0
008 260306t1989||||xx |||||||||||||| ||spa||
041 _aESP
082 _a370.9
_bB25
100 _aBarrantes, Emilio
_eAUT
245 0 _aHistoria de la educación en el Perú
260 _c1989
300 _a119 páginas :
_c20 cm.
650 _aGEN
654 _aCED
942 _cLIB
_dJUS
_fJUS
_2ddc
_n
999 _c8413
_d8413